Shared Economy as the Digitization of Tourism

Digitizácia (digitalizácia) najmä v kontexte zdieľaného hospodárstva a cestovného ruchu ako príležitosť na zefektívnenie využívania zdrojov, prinášajúc výhody pre hospodárstvo a životné prostredie. Zabránenie nežiadúcim rizikám a vedľajším účinkom zameraním sa na úpravu a prispôsobenie právnych pred...

Descripción completa

Guardado en:
Detalles Bibliográficos
Autor principal: Kóňa, Jakub, 1995-
Otros Autores: Kóňa, Andrej
Formato: Capítulo de libro
Lenguaje:inglés
Materias:
Etiquetas: Agregar Etiqueta
Sin Etiquetas, Sea el primero en etiquetar este registro!

MARC

LEADER 00000naa$a2200000$$$4500
001 0267607
005 20240502074211.3
041 0 |a eng 
044 |a SK 
245 1 0 |a Shared Economy as the Digitization of Tourism  |c Jakub Kóňa, Andrej Kóňa 
520 |a Digitizácia (digitalizácia) najmä v kontexte zdieľaného hospodárstva a cestovného ruchu ako príležitosť na zefektívnenie využívania zdrojov, prinášajúc výhody pre hospodárstvo a životné prostredie. Zabránenie nežiadúcim rizikám a vedľajším účinkom zameraním sa na úpravu a prispôsobenie právnych predpisov novým trhovým podmienkam „online sveta“. Poskytovanie údajov finančným a regulačným orgánom ako nástroj na obmedzenie daňových únikov a nelegálnu prácu v dlhodobo kritických oblastiach (napr. taxislužby), čím príde k zabráneniu narúšania hospodárskej súťaže. 
610 2 0 |a ekonomika zdieľaná 
610 2 0 |a ruch cestovný kreatívny 
610 2 0 |a ruch cestovný medzinárodný 
610 2 0 |a ruch cestovný aktívny 
610 2 0 |a digitalizácia 
610 2 0 |a internet 
610 2 0 |a transformácia digitálna 
100 1 |a Kóňa, Jakub, 1995- 
700 1 |a Kóňa, Andrej